Statistiques concernant Clubs de Ligue 1 par emojis

Cliquez ici pour prendre le quiz!

Statistiques générales

  • Ce quiz a été pris 405 fois
  • Le résultat moyen est 13 sur 18

Statistiques - réponses

HintRéponse% Correct
💙🤍Ⓜ️Olympique de Marseille
92%
💚💛🐥FC Nantes
89%
🤍💙❤️🦁Olympique Lyonnais
86%
💛❤️⬆️RC Lens
86%
🇲🇨👑AS Monaco
83%
💙❤️🇶🇦Paris Saint Germain
83%
💜🤍💜Toulouse FC
83%
🧡🖤🐟FC Lorient
81%
❤️🖤🦅OGC Nice
81%
❤️🖤⬅️Stade Rennais
74%
💙🧡🤍Montpellier HSC
71%
💙❤️🐶LOSC Lille
63%
💙🖤🐉Le Havre AC
61%
🤎🤍✝️FC Metz
59%
❤️🤍🏴‍☠️Stade Brestois
47%
💙🤍➡️RC Strasbourg
46%
💙❤️🐎Clermont Foot
44%
❤️🤍👑🍾Stade de Reims
42%

Distribution des résultats

Percentile par nombre de réponses

% des personnes avec chaque résultat

Votre développement - résultats

Vous n’avez pas pris ce quiz